00421nam a2200157Ia 4500008004100000082001000041100002200051245003300073250000600106260003300112300000800145600002200153630003300175700002200208730003300230090124s9999 xx 000 0 und d b39654 aGRIFFITH WINTHROP aHUMPHREY A CANDID BIOGRAPHY  a0 bJAICO PUBLISHING HOUSEc1968 a136 aGRIFFITH WINTHROP aHUMPHREY A CANDID BIOGRAPHY  aGRIFFITH WINTHROP aHUMPHREY A CANDID BIOGRAPHY